[Event "Rapid Tournament (RAP)"]
[Site "Biel, CH"]
[Date "2025.07.13"]
[Round "8"]
[White "Pardoen, Oscar"]
[Black "Rosen, Noah"]
[Result "1/2-1/2"]
[Board "52"]
[WhiteFideId "282499"]
[BlackFideId "1356267"]
[WhiteElo "1758"]
[BlackElo "1849"]
[WhiteTeam "BEL"]
[BlackTeam "SUI"]
[WhiteClock "0:01:44"]
[BlackClock "0:02:21"]
[Variant "Standard"]

1. e4 {[%clk 0:15:09]}  e5 {[%clk 0:15:08]} 2. Nf3 {[%clk 0:15:13]}  Nc6 {[%clk 0:15:11]} 3. d4 {[%clk 0:15:16]}  exd4 {[%clk 0:15:14]} 4. Bc4 {[%clk 0:15:20]}  Bc5 {[%clk 0:15:18]} 5. O-O {[%clk 0:15:19]}  d6 {[%clk 0:15:21]} 6. Nbd2 {[%clk 0:15:04]}  Nf6 {[%clk 0:15:11]} 7. Nb3 {[%clk 0:14:47]}  Bb6 {[%clk 0:14:38]} 8. Nfxd4 {[%clk 0:14:38]}  Nxd4 {[%clk 0:14:40]} 9. Nxd4 {[%clk 0:14:38]}  O-O {[%clk 0:14:42]} 10. Bg5 {[%clk 0:14:33]}  h6 {[%clk 0:14:31]} 11. Bxf6 {[%clk 0:13:37]}  Qxf6 {[%clk 0:14:34]} 12. c3 {[%clk 0:13:38]}  Re8 {[%clk 0:14:13]} 13. Qc2 {[%clk 0:13:14]}  Bxd4 {[%clk 0:13:48]} 14. cxd4 {[%clk 0:12:44]}  Qxd4 {[%clk 0:13:51]} 15. Rfe1 {[%clk 0:12:16]}  Be6 {[%clk 0:13:24]} 16. Bxe6 {[%clk 0:11:42]}  Rxe6 {[%clk 0:13:27]} 17. Qxc7 {[%clk 0:11:25]}  Rxe4 {[%clk 0:12:56]} 18. Qxb7 {[%clk 0:10:52]}  Rae8 {[%clk 0:12:39]} 19. Rxe4 {[%clk 0:09:56]}  Rxe4 {[%clk 0:12:37]} 20. Qc8+ {[%clk 0:09:46]}  Kh7 {[%clk 0:12:20]} 21. Qc2 {[%clk 0:09:46]}  Qc4 {[%clk 0:11:03]} 22. Qb1 {[%clk 0:08:35]}  g6 {[%clk 0:11:06]} 23. h3 {[%clk 0:08:25]}  Re2 {[%clk 0:10:57]} 24. b3 {[%clk 0:07:16]}  Qd4 {[%clk 0:10:37]} 25. Qf1 {[%clk 0:06:53]}  Rxf2 {[%clk 0:09:55]} 26. Qxf2 {[%clk 0:06:28]}  Qxa1+ {[%clk 0:09:58]} 27. Kh2 {[%clk 0:06:30]}  Qe5+ {[%clk 0:10:01]} 28. Kh1 {[%clk 0:06:18]}  Qe7 {[%clk 0:09:58]} 29. a4 {[%clk 0:06:00]}  d5 {[%clk 0:09:49]} 30. Qd4 {[%clk 0:05:55]}  Qd7 {[%clk 0:09:42]} 31. a5 {[%clk 0:05:24]}  f5 {[%clk 0:07:31]} 32. b4 {[%clk 0:05:11]}  Kg8 {[%clk 0:06:55]} 33. b5 {[%clk 0:04:16]}  Qxb5 {[%clk 0:06:40]} 34. Qxa7 {[%clk 0:04:04]}  Qf1+ {[%clk 0:06:32]} 35. Kh2 {[%clk 0:04:04]}  Qf4+ {[%clk 0:06:35]} 36. Kh1 {[%clk 0:04:03]}  d4 {[%clk 0:06:15]} 37. a6 {[%clk 0:02:55]}  d3 {[%clk 0:05:14]} 38. Qd7 {[%clk 0:02:06]}  d2 {[%clk 0:02:35]} 39. Qe8+ {[%clk 0:01:34]}  Kg7 {[%clk 0:02:27]} 40. Qe7+ {[%clk 0:01:37]}  Kg8 {[%clk 0:02:18]} 41. Qe8+ {[%clk 0:01:40]}  Kg7 {[%clk 0:02:21]} 42. Qe7+ {[%clk 0:01:44]} 1/2-1/2

[Event "Rapid Tournament (RAP)"]
[Site "Biel, CH"]
[Date "2025.07.13"]
[Round "8"]
[White "Letac, Loig"]
[Black "Avilova, Yulia"]
[Result "0-1"]
[Board "53"]
[WhiteFideId "1367927"]
[BlackFideId "34166073"]
[WhiteElo "1847"]
[BlackElo "1708"]
[WhiteTeam "SUI"]
[BlackTeam "SUI"]
[WhiteClock "0:01:10"]
[BlackClock "0:06:22"]
[Variant "Standard"]

1. e4 {[%clk 0:15:09]}  c5 {[%clk 0:15:09]} 2. Nf3 {[%clk 0:15:12]}  d6 {[%clk 0:15:12]} 3. d4 {[%clk 0:15:14]}  cxd4 {[%clk 0:15:17]} 4. Nxd4 {[%clk 0:15:17]}  Nf6 {[%clk 0:15:21]} 5. Nc3 {[%clk 0:15:21]}  a6 {[%clk 0:15:25]} 6. f3 {[%clk 0:15:25]}  e6 {[%clk 0:15:28]} 7. Be3 {[%clk 0:15:22]}  b5 {[%clk 0:15:31]} 8. a3 {[%clk 0:15:25]}  Bb7 {[%clk 0:15:35]} 9. Qd2 {[%clk 0:15:14]}  Be7 {[%clk 0:15:37]} 10. g4 {[%clk 0:15:15]}  O-O {[%clk 0:15:28]} 11. h4 {[%clk 0:14:55]}  Nc6 {[%clk 0:15:18]} 12. h5 {[%clk 0:14:40]}  Nxd4 {[%clk 0:14:54]} 13. Bxd4 {[%clk 0:14:43]}  h6 {[%clk 0:14:55]} 14. Be3 {[%clk 0:14:37]}  Nd7 {[%clk 0:14:41]} 15. Rg1 {[%clk 0:14:09]}  Ne5 {[%clk 0:14:44]} 16. Be2 {[%clk 0:13:51]}  Bh4+ {[%clk 0:14:38]} 17. Kf1 {[%clk 0:11:57]}  d5 {[%clk 0:14:40]} 18. exd5 {[%clk 0:11:02]}  exd5 {[%clk 0:14:39]} 19. Bd4 {[%clk 0:10:48]}  Nc4 {[%clk 0:13:37]} 20. Qc1 {[%clk 0:09:42]}  Re8 {[%clk 0:12:47]} 21. b3 {[%clk 0:09:24]}  Nd6 {[%clk 0:12:21]} 22. Qf4 {[%clk 0:08:27]}  Qe7 {[%clk 0:11:26]} 23. Bd3 {[%clk 0:06:16]}  Bg5 {[%clk 0:11:19]} 24. Qh2 {[%clk 0:05:52]}  Be3 {[%clk 0:10:18]} 25. Bxe3 {[%clk 0:05:30]}  Qxe3 {[%clk 0:10:21]} 26. Qf2 {[%clk 0:05:24]}  d4 {[%clk 0:10:14]} 27. Qxe3 {[%clk 0:03:52]}  Rxe3 {[%clk 0:10:15]} 28. Ne2 {[%clk 0:03:38]}  Rxf3+ {[%clk 0:10:00]} 29. Ke1 {[%clk 0:03:40]}  Re8 {[%clk 0:10:03]} 30. Kd1 {[%clk 0:03:34]}  Ne4 {[%clk 0:09:04]} 31. Nxd4 {[%clk 0:03:07]}  Nf2+ {[%clk 0:08:49]} 32. Kd2 {[%clk 0:02:49]}  Rf4 {[%clk 0:08:44]} 33. Rae1 {[%clk 0:02:27]}  Rd8 {[%clk 0:06:45]} 34. Ke3 {[%clk 0:01:22]}  Nxd3 {[%clk 0:06:40]} 35. Ne6 {[%clk 0:01:10]}  Re4+ {[%clk 0:06:22]} 0-1

[Event "Rapid Tournament (RAP)"]
[Site "Biel, CH"]
[Date "2025.07.13"]
[Round "8"]
[White "Gunzinger, Severin"]
[Black "Gallus, Matthias"]
[Result "1-0"]
[Board "54"]
[WhiteFideId "1362518"]
[BlackFideId "1322761"]
[WhiteElo "1707"]
[BlackElo "1826"]
[WhiteTeam "SUI"]
[BlackTeam "SUI"]
[WhiteClock "0:00:31"]
[BlackClock "0:00:32"]
[Variant "Standard"]

1. e4 {[%clk 0:15:09]}  d6 {[%clk 0:15:07]} 2. d4 {[%clk 0:15:10]}  g6 {[%clk 0:15:11]} 3. Nf3 {[%clk 0:15:07]}  Bg7 {[%clk 0:15:14]} 4. Be3 {[%clk 0:15:08]}  Nd7 {[%clk 0:15:18]} 5. Bc4 {[%clk 0:15:08]}  e6 {[%clk 0:15:21]} 6. Nc3 {[%clk 0:15:01]}  a6 {[%clk 0:15:21]} 7. O-O {[%clk 0:14:47]}  Ne7 {[%clk 0:15:20]} 8. Qd2 {[%clk 0:14:34]}  h6 {[%clk 0:15:02]} 9. Rfe1 {[%clk 0:14:31]}  b5 {[%clk 0:15:02]} 10. Bb3 {[%clk 0:14:13]}  Bb7 {[%clk 0:15:03]} 11. a3 {[%clk 0:13:55]}  Nf6 {[%clk 0:14:56]} 12. d5 {[%clk 0:13:25]}  e5 {[%clk 0:14:48]} 13. Rad1 {[%clk 0:13:02]}  Ng4 {[%clk 0:14:44]} 14. h3 {[%clk 0:12:44]}  Nxe3 {[%clk 0:14:47]} 15. fxe3 {[%clk 0:12:23]}  O-O {[%clk 0:14:46]} 16. Kh1 {[%clk 0:11:37]}  Kh7 {[%clk 0:14:16]} 17. Rg1 {[%clk 0:11:03]}  Bc8 {[%clk 0:14:13]} 18. Qf2 {[%clk 0:10:44]}  Ng8 {[%clk 0:13:57]} 19. g4 {[%clk 0:10:20]}  Bd7 {[%clk 0:13:54]} 20. Ne2 {[%clk 0:09:53]}  Qe7 {[%clk 0:13:16]} 21. Rdf1 {[%clk 0:09:16]}  c5 {[%clk 0:12:44]} 22. c3 {[%clk 0:09:05]}  b4 {[%clk 0:12:25]} 23. cxb4 {[%clk 0:08:07]}  cxb4 {[%clk 0:12:29]} 24. g5 {[%clk 0:07:53]}  h5 {[%clk 0:12:00]} 25. h4 {[%clk 0:06:57]}  bxa3 {[%clk 0:11:59]} 26. bxa3 {[%clk 0:06:59]}  Rab8 {[%clk 0:11:52]} 27. Bd1 {[%clk 0:06:59]}  Rb2 {[%clk 0:11:39]} 28. Qe1 {[%clk 0:06:12]}  Bb5 {[%clk 0:10:46]} 29. Rf2 {[%clk 0:05:51]}  Rb8 {[%clk 0:09:06]} 30. Qc3 {[%clk 0:05:14]}  Bd7 {[%clk 0:09:06]} 31. Rgg2 {[%clk 0:04:59]}  Bh3 {[%clk 0:08:51]} 32. Rh2 {[%clk 0:04:53]}  Bg4 {[%clk 0:08:53]} 33. Neg1 {[%clk 0:04:50]}  Rb1 {[%clk 0:08:36]} 34. Rd2 {[%clk 0:04:31]}  Qb7 {[%clk 0:07:36]} 35. Qc6 {[%clk 0:04:12]}  Bf8 {[%clk 0:06:55]} 36. Qxb7 {[%clk 0:04:00]}  R8xb7 {[%clk 0:06:57]} 37. Kg2 {[%clk 0:03:37]}  Ne7 {[%clk 0:06:31]} 38. Nh3 {[%clk 0:03:21]}  Nc8 {[%clk 0:06:05]} 39. Ba4 {[%clk 0:03:06]}  Na7 {[%clk 0:05:52]} 40. Nf2 {[%clk 0:03:03]}  R1b2 {[%clk 0:05:09]} 41. Rxb2 {[%clk 0:02:09]}  Rxb2 {[%clk 0:05:13]} 42. Kg3 {[%clk 0:02:04]}  Bxf3 {[%clk 0:04:57]} 43. Kxf3 {[%clk 0:02:08]}  Nb5 {[%clk 0:04:48]} 44. Rh1 {[%clk 0:01:48]}  Ra2 {[%clk 0:04:18]} 45. Bxb5 {[%clk 0:01:41]}  axb5 {[%clk 0:04:21]} 46. Rb1 {[%clk 0:01:45]}  Rxa3 {[%clk 0:04:04]} 47. Rxb5 {[%clk 0:01:49]}  Ra7 {[%clk 0:03:28]} 48. Rb6 {[%clk 0:01:34]}  f6 {[%clk 0:03:04]} 49. gxf6 {[%clk 0:01:10]}  Rf7 {[%clk 0:03:08]} 50. Nh3 {[%clk 0:00:51]}  Rxf6+ {[%clk 0:03:09]} 51. Kg3 {[%clk 0:00:53]}  Bh6 {[%clk 0:01:08]} 52. Rb7+ {[%clk 0:00:42]}  Kg8 {[%clk 0:01:07]} 53. Rb8+ {[%clk 0:00:34]}  Kg7 {[%clk 0:01:04]} 54. Rb7+ {[%clk 0:00:35]}  Kg8 {[%clk 0:01:08]} 55. Ng5 {[%clk 0:00:28]}  Kf8 {[%clk 0:00:32]} 56. Nh7+ {[%clk 0:00:31]} 1-0

[Event "Rapid Tournament (RAP)"]
[Site "Biel, CH"]
[Date "2025.07.13"]
[Round "8"]
[White "Boyer, Jean-Francois"]
[Black "Schmied, Stefan"]
[Result "1-0"]
[Board "55"]
[WhiteFideId "650226"]
[BlackFideId "1335804"]
[WhiteElo "1697"]
[BlackElo "1798"]
[WhiteTeam "FRA"]
[BlackTeam "SUI"]
[WhiteClock "0:00:27"]
[BlackClock "0:00:09"]
[Variant "Standard"]

1. e4 {[%clk 0:15:07]}  d5 {[%clk 0:14:51]} 2. exd5 {[%clk 0:15:07]}  Qxd5 {[%clk 0:14:55]} 3. Nc3 {[%clk 0:15:08]}  Qd8 {[%clk 0:14:59]} 4. d4 {[%clk 0:15:11]}  c6 {[%clk 0:15:03]} 5. Bc4 {[%clk 0:15:04]}  Bf5 {[%clk 0:15:01]} 6. Nf3 {[%clk 0:14:14]}  e6 {[%clk 0:15:05]} 7. O-O {[%clk 0:13:44]}  Nf6 {[%clk 0:15:09]} 8. Bg5 {[%clk 0:13:36]}  Be7 {[%clk 0:15:12]} 9. h3 {[%clk 0:13:24]}  O-O {[%clk 0:14:17]} 10. Qe2 {[%clk 0:13:07]}  Re8 {[%clk 0:12:23]} 11. Rad1 {[%clk 0:12:54]}  Nd5 {[%clk 0:11:15]} 12. Bxe7 {[%clk 0:12:11]}  Qxe7 {[%clk 0:11:02]} 13. Qd2 {[%clk 0:11:39]}  Nd7 {[%clk 0:08:29]} 14. Rfe1 {[%clk 0:11:21]}  Qb4 {[%clk 0:07:07]} 15. Bb3 {[%clk 0:11:01]}  Nxc3 {[%clk 0:07:06]} 16. bxc3 {[%clk 0:10:56]}  Qa5 {[%clk 0:06:50]} 17. Nh4 {[%clk 0:09:13]}  Bg6 {[%clk 0:06:07]} 18. Nxg6 {[%clk 0:08:55]}  hxg6 {[%clk 0:06:10]} 19. Re3 {[%clk 0:08:51]}  Rad8 {[%clk 0:06:11]} 20. Qe2 {[%clk 0:08:29]}  Nf6 {[%clk 0:04:27]} 21. Rdd3 {[%clk 0:08:23]}  Nd5 {[%clk 0:02:22]} 22. Re5 {[%clk 0:07:53]}  Qc7 {[%clk 0:02:06]} 23. Qe4 {[%clk 0:07:27]}  Nf6 {[%clk 0:01:57]} 24. Qh4 {[%clk 0:07:07]}  b5 {[%clk 0:01:28]} 25. a4 {[%clk 0:06:48]}  a6 {[%clk 0:01:32]} 26. c4 {[%clk 0:05:39]}  b4 {[%clk 0:01:17]} 27. a5 {[%clk 0:03:44]}  Rd6 {[%clk 0:01:07]} 28. Rc5 {[%clk 0:02:36]}  Nd7 {[%clk 0:00:50]} 29. Rg5 {[%clk 0:02:25]}  Nf6 {[%clk 0:00:46]} 30. Qf4 {[%clk 0:02:05]}  Red8 {[%clk 0:00:34]} 31. d5 {[%clk 0:01:10]}  cxd5 {[%clk 0:00:34]} 32. cxd5 {[%clk 0:01:08]}  Nxd5 {[%clk 0:00:26]} 33. Bxd5 {[%clk 0:00:30]}  exd5 {[%clk 0:00:30]} 34. Rgxd5 {[%clk 0:00:29]}  Qxc2 {[%clk 0:00:10]} 35. Rxd6 {[%clk 0:00:31]}  Re8 {[%clk 0:00:08]} 36. Rd8 {[%clk 0:00:29]}  Qb1+ {[%clk 0:00:08]} 37. Kh2 {[%clk 0:00:30]}  Rxd8 {[%clk 0:00:08]} 38. Rxd8+ {[%clk 0:00:32]}  Kh7 {[%clk 0:00:09]} 39. Qh4# {[%clk 0:00:27]} 1-0

[Event "Rapid Tournament (RAP)"]
[Site "Biel, CH"]
[Date "2025.07.13"]
[Round "9"]
[White "Karthikeyan, Murali"]
[Black "Kobalia, Mikhail"]
[Result "1/2-1/2"]
[Board "2"]
[WhiteFideId "5074452"]
[BlackFideId "4119150"]
[WhiteTitle "GM"]
[BlackTitle "GM"]
[WhiteElo "2522"]
[BlackElo "2509"]
[WhiteTeam "IND"]
[BlackTeam "FID"]
[WhiteClock "0:00:26"]
[BlackClock "0:00:14"]
[Variant "Standard"]

1. e4 {[%clk 0:15:08]}  c5 {[%clk 0:15:09]} 2. Nf3 {[%clk 0:15:11]}  e6 {[%clk 0:15:14]} 3. d4 {[%clk 0:14:54]}  cxd4 {[%clk 0:15:17]} 4. Nxd4 {[%clk 0:14:58]}  Nc6 {[%clk 0:15:21]} 5. Nc3 {[%clk 0:15:00]}  a6 {[%clk 0:15:26]} 6. Be3 {[%clk 0:14:43]}  Nf6 {[%clk 0:15:29]} 7. a3 {[%clk 0:14:36]}  d6 {[%clk 0:15:13]} 8. f4 {[%clk 0:13:43]}  Bd7 {[%clk 0:15:10]} 9. Bd3 {[%clk 0:13:03]}  Be7 {[%clk 0:14:15]} 10. Qf3 {[%clk 0:12:55]}  O-O {[%clk 0:14:14]} 11. O-O-O {[%clk 0:11:55]}  Qc7 {[%clk 0:14:06]} 12. g4 {[%clk 0:11:44]}  Nxd4 {[%clk 0:13:22]} 13. Bxd4 {[%clk 0:11:48]}  e5 {[%clk 0:13:17]} 14. Be3 {[%clk 0:08:15]}  Bxg4 {[%clk 0:12:38]} 15. Qg2 {[%clk 0:08:11]}  Bxd1 {[%clk 0:12:37]} 16. Rxd1 {[%clk 0:08:14]}  Rfe8 {[%clk 0:09:14]} 17. Rf1 {[%clk 0:05:57]}  Rac8 {[%clk 0:07:10]} 18. fxe5 {[%clk 0:05:15]}  dxe5 {[%clk 0:07:13]} 19. Bh6 {[%clk 0:05:13]}  g6 {[%clk 0:06:34]} 20. Qf3 {[%clk 0:04:15]}  Bd8 {[%clk 0:06:20]} 21. Kb1 {[%clk 0:04:01]}  Qd7 {[%clk 0:05:58]} 22. h3 {[%clk 0:02:55]}  Rxc3 {[%clk 0:05:14]} 23. bxc3 {[%clk 0:02:59]}  Qe6 {[%clk 0:05:05]} 24. Qe2 {[%clk 0:02:48]}  b5 {[%clk 0:04:14]} 25. c4 {[%clk 0:02:16]}  Qxh3 {[%clk 0:02:53]} 26. Bc1 {[%clk 0:02:18]}  Be7 {[%clk 0:01:41]} 27. cxb5 {[%clk 0:01:59]}  axb5 {[%clk 0:01:45]} 28. Bxb5 {[%clk 0:01:31]}  Rb8 {[%clk 0:01:49]} 29. a4 {[%clk 0:00:22]}  Nh5 {[%clk 0:01:47]} 30. Qc4 {[%clk 0:00:11]}  Nf4 {[%clk 0:01:47]} 31. Bxf4 {[%clk 0:00:08]}  exf4 {[%clk 0:01:50]} 32. Rxf4 {[%clk 0:00:12]}  Rf8 {[%clk 0:01:40]} 33. e5 {[%clk 0:00:09]}  Bg5 {[%clk 0:01:34]} 34. Rf1 {[%clk 0:00:11]}  Qe3 {[%clk 0:01:31]} 35. Qd5 {[%clk 0:00:11]}  Bf4 {[%clk 0:01:28]} 36. e6 {[%clk 0:00:06]}  fxe6 {[%clk 0:01:30]} 37. Qc4 {[%clk 0:00:06]}  Kg7 {[%clk 0:01:27]} 38. Qb4 {[%clk 0:00:08]}  Rf7 {[%clk 0:01:03]} 39. Re1 {[%clk 0:00:09]}  Qd2 {[%clk 0:01:02]} 40. Qxd2 {[%clk 0:00:08]}  Bxd2 {[%clk 0:01:06]} 41. Rxe6 {[%clk 0:00:11]}  h5 {[%clk 0:01:03]} 42. Bd3 {[%clk 0:00:11]}  Rf6 {[%clk 0:01:04]} 43. Rxf6 {[%clk 0:00:09]}  Kxf6 {[%clk 0:01:08]} 44. c4 {[%clk 0:00:12]}  g5 {[%clk 0:00:55]} 45. Kc2 {[%clk 0:00:17]}  Ba5 {[%clk 0:00:59]} 46. Kd1 {[%clk 0:00:16]}  g4 {[%clk 0:00:55]} 47. Ke2 {[%clk 0:00:17]}  Ke5 {[%clk 0:00:57]} 48. c5 {[%clk 0:00:14]}  Kf4 {[%clk 0:00:46]} 49. Bb5 {[%clk 0:00:12]}  h4 {[%clk 0:00:50]} 50. Bc6 {[%clk 0:00:07]}  h3 {[%clk 0:00:53]} 51. Kf1 {[%clk 0:00:08]}  Bb4 {[%clk 0:00:52]} 52. Bd5 {[%clk 0:00:08]}  Bxc5 {[%clk 0:00:55]} 53. a5 {[%clk 0:00:11]}  Kg3 {[%clk 0:00:50]} 54. Be6 {[%clk 0:00:15]}  Kf3 {[%clk 0:00:35]} 55. Bd5+ {[%clk 0:00:14]}  Kf4 {[%clk 0:00:39]} 56. a6 {[%clk 0:00:16]}  Ba7 {[%clk 0:00:43]} 57. Bc6 {[%clk 0:00:20]}  Kg3 {[%clk 0:00:38]} 58. Bd7 {[%clk 0:00:24]}  Kf4 {[%clk 0:00:23]} 59. Be6 {[%clk 0:00:21]}  Kf3 {[%clk 0:00:16]} 60. Bd7 {[%clk 0:00:15]}  Kg3 {[%clk 0:00:15]} 61. Be6 {[%clk 0:00:18]}  Kh4 {[%clk 0:00:15]} 62. Bd7 {[%clk 0:00:18]}  g3 {[%clk 0:00:13]} 63. Bc6 {[%clk 0:00:22]}  Kg5 {[%clk 0:00:16]} 64. Bb7 {[%clk 0:00:26]}  g2+ {[%clk 0:00:14]} 1/2-1/2

[Event "Rapid Tournament (RAP)"]
[Site "Biel, CH"]
[Date "2025.07.13"]
[Round "9"]
[White "Banh Gia Huy"]
[Black "Gloeckler, Christian"]
[Result "1-0"]
[Board "3"]
[WhiteFideId "12424714"]
[BlackFideId "34608966"]
[WhiteTitle "IM"]
[BlackTitle "FM"]
[WhiteElo "2261"]
[BlackElo "2353"]
[WhiteTeam "VIE"]
[BlackTeam "GER"]
[WhiteClock "0:00:36"]
[BlackClock "0:00:17"]
[Variant "Standard"]

1. c4 {[%clk 0:15:09]}  c5 {[%clk 0:15:09]} 2. Nf3 {[%clk 0:15:13]}  Nf6 {[%clk 0:15:13]} 3. g3 {[%clk 0:15:17]}  Nc6 {[%clk 0:15:17]} 4. Bg2 {[%clk 0:15:20]}  d5 {[%clk 0:15:22]} 5. cxd5 {[%clk 0:15:24]}  Nxd5 {[%clk 0:15:26]} 6. Nc3 {[%clk 0:15:27]}  Nc7 {[%clk 0:15:30]} 7. a3 {[%clk 0:15:32]}  g6 {[%clk 0:15:34]} 8. h4 {[%clk 0:15:22]}  Bg4 {[%clk 0:15:38]} 9. Qb3 {[%clk 0:14:47]}  Bg7 {[%clk 0:15:42]} 10. Qxb7 {[%clk 0:14:38]}  Bd7 {[%clk 0:15:45]} 11. Qb3 {[%clk 0:14:36]}  Rb8 {[%clk 0:15:49]} 12. Qd1 {[%clk 0:14:39]}  h6 {[%clk 0:15:53]} 13. d3 {[%clk 0:13:49]}  Ne6 {[%clk 0:15:54]} 14. O-O {[%clk 0:13:19]}  O-O {[%clk 0:15:56]} 15. Ne4 {[%clk 0:09:49]}  Kh7 {[%clk 0:12:36]} 16. Rb1 {[%clk 0:08:59]}  Qc8 {[%clk 0:08:45]} 17. Be3 {[%clk 0:07:37]}  Ncd4 {[%clk 0:06:45]} 18. b4 {[%clk 0:07:21]}  cxb4 {[%clk 0:05:52]} 19. axb4 {[%clk 0:07:16]}  Nxf3+ {[%clk 0:05:17]} 20. Bxf3 {[%clk 0:07:10]}  Nd4 {[%clk 0:05:21]} 21. Bxd4 {[%clk 0:06:21]}  Bxd4 {[%clk 0:05:23]} 22. e3 {[%clk 0:06:08]}  Bg7 {[%clk 0:04:52]} 23. d4 {[%clk 0:05:52]}  Qd8 {[%clk 0:04:20]} 24. Nc5 {[%clk 0:05:47]}  Bb5 {[%clk 0:04:19]} 25. Be2 {[%clk 0:05:14]}  Be8 {[%clk 0:03:54]} 26. h5 {[%clk 0:04:54]}  g5 {[%clk 0:03:45]} 27. Bd3+ {[%clk 0:04:47]}  Kh8 {[%clk 0:03:30]} 28. Qf3 {[%clk 0:04:29]}  e6 {[%clk 0:03:13]} 29. Ra1 {[%clk 0:04:03]}  Qe7 {[%clk 0:01:57]} 30. Qe4 {[%clk 0:03:49]}  f5 {[%clk 0:02:01]} 31. Qxe6 {[%clk 0:03:52]}  Qc7 {[%clk 0:01:46]} 32. Na6 {[%clk 0:02:58]}  Qb6 {[%clk 0:01:50]} 33. Bxf5 {[%clk 0:02:29]}  Qxe6 {[%clk 0:01:10]} 34. Bxe6 {[%clk 0:02:30]}  Rb6 {[%clk 0:01:14]} 35. Nc5 {[%clk 0:02:21]}  Bxh5 {[%clk 0:01:07]} 36. g4 {[%clk 0:02:24]}  Bg6 {[%clk 0:01:01]} 37. Rxa7 {[%clk 0:02:06]}  Rxb4 {[%clk 0:01:05]} 38. Rfa1 {[%clk 0:01:58]}  Rb2 {[%clk 0:00:41]} 39. R7a2 {[%clk 0:01:29]}  Rfxf2 {[%clk 0:00:37]} 40. Rxb2 {[%clk 0:01:26]}  Rxb2 {[%clk 0:00:40]} 41. Ra8+ {[%clk 0:01:27]}  Kh7 {[%clk 0:00:45]} 42. Bg8+ {[%clk 0:01:08]}  Kh8 {[%clk 0:00:49]} 43. Bf7+ {[%clk 0:01:04]}  Kh7 {[%clk 0:00:53]} 44. Bxg6+ {[%clk 0:01:08]}  Kxg6 {[%clk 0:00:55]} 45. Ra6+ {[%clk 0:01:08]}  Kh7 {[%clk 0:00:46]} 46. Kf1 {[%clk 0:01:07]}  h5 {[%clk 0:00:24]} 47. Ne4 {[%clk 0:00:48]}  Rb5 {[%clk 0:00:15]} 48. gxh5 {[%clk 0:00:39]}  g4 {[%clk 0:00:19]} 49. Kg2 {[%clk 0:00:30]}  Rf5 {[%clk 0:00:07]} 50. Kg3 {[%clk 0:00:25]}  Rf3+ {[%clk 0:00:06]} 51. Kxg4 {[%clk 0:00:29]}  Rxe3 {[%clk 0:00:09]} 52. Ng5+ {[%clk 0:00:33]}  Kg8 {[%clk 0:00:13]} 53. Ra8+ {[%clk 0:00:35]}  Bf8 {[%clk 0:00:17]} 54. d5 {[%clk 0:00:34]}  Re1 {[%clk 0:00:08]} 55. Ne6 {[%clk 0:00:35]}  Rg1+ {[%clk 0:00:12]} 56. Kf3 {[%clk 0:00:35]}  Kf7 {[%clk 0:00:09]} 57. Rxf8+ {[%clk 0:00:36]}  Ke7 {[%clk 0:00:13]} 58. Ra8 {[%clk 0:00:35]}  Kd6 {[%clk 0:00:13]} 59. Nf4 {[%clk 0:00:39]}  Ke5 {[%clk 0:00:14]} 60. Re8+ {[%clk 0:00:38]}  Kf5 {[%clk 0:00:19]} 61. Nd3 {[%clk 0:00:32]}  Rd1 {[%clk 0:00:16]} 62. Ke3 {[%clk 0:00:33]}  Rh1 {[%clk 0:00:09]} 63. d6 {[%clk 0:00:34]}  Rh3+ {[%clk 0:00:11]} 64. Kd4 {[%clk 0:00:37]}  Rh4+ {[%clk 0:00:15]} 65. Kd5 {[%clk 0:00:39]}  Rh3 {[%clk 0:00:17]} 66. Nc5 {[%clk 0:00:36]} 1-0

[Event "Rapid Tournament (RAP)"]
[Site "Biel, CH"]
[Date "2025.07.13"]
[Round "9"]
[White "Sharif, Mehrshad"]
[Black "Chen, Yuan"]
[Result "0-1"]
[Board "4"]
[WhiteFideId "600121"]
[BlackFideId "8618860"]
[WhiteTitle "IM"]
[WhiteElo "2334"]
[BlackElo "2248"]
[WhiteTeam "FRA"]
[BlackTeam "CHN"]
[WhiteClock "0:00:10"]
[BlackClock "0:02:39"]
[Variant "Standard"]

1. Nf3 {[%clk 0:15:08]}  d5 {[%clk 0:15:09]} 2. g3 {[%clk 0:15:12]}  Nc6 {[%clk 0:15:12]} 3. d4 {[%clk 0:15:15]}  Bf5 {[%clk 0:15:16]} 4. Bg2 {[%clk 0:15:19]}  e6 {[%clk 0:15:19]} 5. O-O {[%clk 0:15:21]}  Nb4 {[%clk 0:15:22]} 6. Na3 {[%clk 0:15:23]}  Nc6 {[%clk 0:15:25]} 7. Nh4 {[%clk 0:14:58]}  Be4 {[%clk 0:15:08]} 8. f3 {[%clk 0:14:55]}  Bg6 {[%clk 0:15:11]} 9. Nb1 {[%clk 0:14:28]}  Nf6 {[%clk 0:15:11]} 10. c3 {[%clk 0:13:45]}  Be7 {[%clk 0:14:32]} 11. e4 {[%clk 0:14:09]}  dxe4 {[%clk 0:13:52]} 12. Nxg6 {[%clk 0:14:10]}  hxg6 {[%clk 0:13:55]} 13. fxe4 {[%clk 0:14:11]}  e5 {[%clk 0:13:59]} 14. Be3 {[%clk 0:14:07]}  Qd7 {[%clk 0:13:54]} 15. Bf3 {[%clk 0:12:11]}  exd4 {[%clk 0:13:24]} 16. cxd4 {[%clk 0:12:37]}  Rd8 {[%clk 0:13:03]} 17. e5 {[%clk 0:12:11]}  Nd5 {[%clk 0:12:45]} 18. Bxd5 {[%clk 0:11:17]}  Qxd5 {[%clk 0:12:48]} 19. Nc3 {[%clk 0:11:20]}  Qe6 {[%clk 0:11:54]} 20. Qa4 {[%clk 0:11:03]}  O-O {[%clk 0:09:54]} 21. Rad1 {[%clk 0:10:10]}  Nb4 {[%clk 0:09:16]} 22. Qxa7 {[%clk 0:09:16]}  Qc6 {[%clk 0:07:53]} 23. Qa4 {[%clk 0:07:53]}  Qxa4 {[%clk 0:07:52]} 24. Nxa4 {[%clk 0:07:56]}  Nxa2 {[%clk 0:07:54]} 25. Nc3 {[%clk 0:06:40]}  Nb4 {[%clk 0:07:48]} 26. d5 {[%clk 0:05:52]}  Rfe8 {[%clk 0:07:37]} 27. Rf4 {[%clk 0:03:39]}  Na6 {[%clk 0:06:06]} 28. Rc4 {[%clk 0:02:38]}  Bb4 {[%clk 0:04:33]} 29. Bf4 {[%clk 0:02:34]}  Rd7 {[%clk 0:04:20]} 30. d6 {[%clk 0:01:41]}  cxd6 {[%clk 0:03:44]} 31. exd6 {[%clk 0:01:40]}  g5 {[%clk 0:03:40]} 32. Bxg5 {[%clk 0:01:28]}  Rxd6 {[%clk 0:03:43]} 33. Rxd6 {[%clk 0:01:18]}  Bxd6 {[%clk 0:03:47]} 34. Bf4 {[%clk 0:00:50]}  Bf8 {[%clk 0:03:28]} 35. Kf2 {[%clk 0:00:14]}  Nc5 {[%clk 0:03:31]} 36. Kf3 {[%clk 0:00:18]}  Nd3 {[%clk 0:03:08]} 37. Rc7 {[%clk 0:00:16]}  b6 {[%clk 0:02:53]} 38. b3 {[%clk 0:00:13]}  Nc5 {[%clk 0:02:38]} 39. b4 {[%clk 0:00:14]}  Na6 {[%clk 0:02:40]} 40. Rc6 {[%clk 0:00:08]}  Nxb4 {[%clk 0:02:38]} 41. Rxb6 {[%clk 0:00:10]}  Rd8 {[%clk 0:02:39]} 0-1